000
00279nam a22001217a 4500
008
181101b xxu||||| |||| 00| 0 eng d
041
_a
eng
080
_a
617
100
_a
5
101
_a
KIR
245
_a
The Critically III Neurosurgical Patient
_c
Nikas,D.L
942
_2
udc
_c
BK
999
_c
51423
_d
51423